000 02366nam a2200385 i 4500
001 195461
003 SpMaBN
005 20250711063126.0
008 240613s2015 sp a | |||| 000 0dspa
015 _aMON15
017 _aM 22508-2015
_bOficina Depósito Legal Madrid
020 _a9788499677361
035 _a(OCoLC)927741444
040 _aSpMaBN
_bspa
_cSpMaBN
_erdc
_dES-MaACL
080 _a94(363.6)
100 _aMiranda García, Fermín
_0XX1119654
_9237020
_eaut
245 1 0 _aBreve historia de los godos /
_cFermín Miranda-García
260 _aMadrid :
_bNowtilus,
_c2015.
300 _a283 páginas :
_bilustrado, mapas ;
_c19 cm
336 _aTexto (visual)
_2isbdcontent
337 _asin mediación
_2isbdmedia
338 _2rdacarrier
_avolumen
490 0 _aBreve historia
504 _aBibliografía: páginas 249-255
520 _aMedio milenio de la historia de Europa entre la Antigüedad y la Edad Media. Desde sus orígenes mitológicos en el báltico, la nueva Roma de Leovigildo y el reino hispanogodo de Toledo hasta la derrota final frente a los musulmanes en la península ibérica. En Breve Historia de los Godos se recorren varios siglos y miles de kilómetros se sucedieron simbiosis culturales, guerras, construcciones políticas e ideológicas y, sobre todo, un esfuerzo denodado por integrarse en el mundo romano, primero como aliados y luego como sucesores y herederos de la cultura del Imperio en los dos reinos que construyeron en Italia e Hispania. Poco que ver con la imagen legendaria de crueldad y barbarie. El primero desapareció pronto, pero el segundo, el reino hispanogodo, o visigodo, de Toledo, se convirtió en el más complejo y romanizado de Occidente, con intelectuales de la talla de Isidoro de Sevilla y una legislación que perduró durante siglos.
650 4 _aGodos-
_xHistoria
_2embne
_913132
852 _aES-MaACL
_cDEPOJ
_jN-10022
_hDonación: José Lázaro García
_xEncuadernación rústica con solapas
_9206170
903 _9234219
_aLázaro García, José
_ednr
942 _cMONOGRAFIA
_n0
999 _c195461
_d195461